| 000 | 01350cam a22002054a 4500 | ||
|---|---|---|---|
| 005 | 20250605164052.0 | ||
| 008 | 250528s ||||||||||||||||||||||||d | ||
| 035 | _a17331 | ||
| 020 | _a335203795 | ||
| 040 |
_aGR-AtMCL _bgre _dGR-AtMCL _eAACR2 |
||
| 245 | 1 | _aDoing Psychological Research / Gathering and Analysing Data | |
| 250 | _a1st | ||
| 260 |
_bOpen University Press, _c2000 |
||
| 300 | _a400 | ||
| 520 | _aThis book has been carefully written and designed in order to help you understand psychological research methods and develop the skills you need to carry out your own research projects. Introduction, Approaches to Psychological Research, Gathering Data, Gathering Data for Psychological Research, Experiments, Observational Studies, Questionnaire Studies, Psychometrics, Interviews, Case Studies and Ethnography, Analyzing Documents, Making Sense of Data, Introducing Qualitative Analysis, Grounded Approaches to Qualitative Research, Conservations and Discourse and Images, Protocol Analysis and Other Techniques, Introducing Quantitative Analysis, Numbers as Descriptive Statistics, Descriptive Statistics in Visual Image, Two-Sample Tests, Correlation and Regression, Analysis of Variance, Glossary, Statistical Tables, References, Index. | ||
| 700 | 1 |
_aHayes Nicky _987 |
|
| 942 | _cBK | ||
| 999 |
_c2758 _d2758 |
||